[Event "Brno Duras op-A"]
[Site "Brno"]
[Date "2013.06.27"]
[Round "6"]
[White "Petruska, Miroslav"]
[Black "Lacha, Jan"]
[Result "1-0"]
[WhiteElo "1925"]
[BlackElo "1851"]
[PlyCount "123"]
[EventDate "2013.06.22"]
[EventType "swiss"]
[EventRounds "9"]
[EventCountry "CZE"]
[SourceTitle "CBM 155 Extra"]
[Source "ChessBase"]
[SourceDate "2013.08.26"]
[SourceVersion "1"]
[SourceVersionDate "2013.08.26"]
[SourceQuality "1"]

1. c4 e5 2. e4 Bc5 3. d3 d6 4. Nf3 Nc6 5. Nc3 a6 6. Be2 Nge7 7. 0-0 0-0 8. Nd5 Nd4 9. Nxd4 Bxd4 10. Rb1 Nxd5 11. exd5 f5 12. Be3 Bxe3 13. fxe3 Qg5 14. Qc1 Rf6 15. Rf3 f4 16. exf4 exf4 17. h3 Bd7 18. Qd2 Raf8 19. Rbf1 c6 20. b3 cxd5 21. cxd5 Qh4 22. Qb4 Bc8 23. Qe4 g5 24. g4 Bxg4 25. hxg4 Qxg4+ 26. Kh2 Qh4+ 27. Kg2 Rh6 28. Rg1 Qh2+ 29. Kf1 Rg6 30. Rf2 Qh3+ 31. Ke1 Qc8 32. Qc4 Qd8 33. Bg4 b5 34. Qe4 Qa5+ 35. b4 Qb6 36. Be6+ Kg7 37. d4 h6 38. Rc2 f3 39. Bf5 Rgf6 40. Bh7 Qd8 41. Kf2 Re8 42. Qd3 Qd7 43. Rcc1 Re2+ 44. Kg3 Rg2+ 45. Rxg2 fxg2 46. Be4 h5 47. Kh2 Rf4 48. Bxg2 Rh4+ 49. Kg1 Qg4 50. Qe3 Qxd4 51. Rc7+ Kf6 52. Qxd4+ Rxd4 53. Rd7 Ke5 54. Re7+ Kf4 55. Rf7+ Ke5 56. Re7+ Kf4 57. Re6 Rxb4 58. Rxd6 Kg3 59. Rxa6 Rb1+ 60. Bf1 Rd1 61. Ra3+ Kf4 62. Rd3 1-0

[Event "Brno Duras op-A"]
[Site "Brno"]
[Date "2013.06.26"]
[Round "5"]
[White "Glacner, Karel"]
[Black "Petruska, Miroslav"]
[Result "0-1"]
[WhiteElo "1575"]
[BlackElo "1925"]
[PlyCount "92"]
[EventDate "2013.06.22"]
[EventType "swiss"]
[EventRounds "9"]
[EventCountry "CZE"]
[SourceTitle "CBM 155 Extra"]
[Source "ChessBase"]
[SourceDate "2013.08.26"]
[SourceVersion "1"]
[SourceVersionDate "2013.08.26"]
[SourceQuality "1"]

1. e4 Nf6 2. e5 Nd5 3. c3 e6 4. d4 d6 5. Nf3 Nd7 6. a3 dxe5 7. dxe5 Be7 8. c4 N5b6 9. Nc3 0-0 10. b4 a5 11. b5 Nc5 12. Qc2 f6 13. Bf4 fxe5 14. Bxe5 Bf6 15. Rd1 Qe7 16. Be2 Bxe5 17. Nxe5 Qg5 18. Ng4 Nxc4 19. h4 Qf4 20. g3 Nxa3 21. Qxh7+ Kxh7 22. gxf4 Nc2+ 23. Kd2 Nb4 24. Ke3 b6 25. Bf3 Ra7 26. Ne5 Nc2+ 27. Kd2 Nd4 28. Ke3 Nxf3 29. Nxf3 Bb7 30. Ng5+ Kg8 31. Rhg1 a4 32. h5 Kh8 33. Nce4 Nxe4 34. Nxe4 Bxe4 35. Kxe4 a3 36. Rd2 Ra4+ 37. Ke5 Raxf4 38. Kxe6 Rxf2 39. Rxf2 Rxf2 40. Ra1 a2 41. Kd5 Rc2 42. Ke6 c6 43. Kf7 cxb5 44. Rg1 b4 45. h6 Rf2+ 46. Ke7 gxh6 0-1

[Event "Brno Trade op-A 37th"]
[Site "Brno"]
[Date "2012.09.02"]
[Round "9"]
[White "Glacner, Karel"]
[Black "Petruska, Miroslav"]
[Result "1-0"]
[WhiteElo "1596"]
[BlackElo "1936"]
[PlyCount "108"]
[EventDate "2012.08.26"]
[EventType "swiss"]
[EventRounds "9"]
[EventCountry "CZE"]
[SourceTitle "CBM 150 Extra"]
[Source "ChessBase"]
[SourceDate "2012.10.19"]
[SourceVersion "1"]
[SourceVersionDate "2012.10.19"]
[SourceQuality "1"]

1. Nc3 d5 2. d4 Nf6 3. Bg5 h6 4. Bf4 Bf5 5. e3 e6 6. Bd3 Bd6 7. Nge2 Qe7 8. a3 Nbd7 9. Qd2 Nb6 10. b3 a6 11. a4 Bb4 12. a5 Nc8 13. Ra4 Na7 14. Bxc7 Rc8 15. Bb6 Nb5 16. Bc5 Rxc5 17. Rxb4 Rc7 18. Nxb5 axb5 19. Bxb5+ Kf8 20. Bd3 Ne4 21. Bxe4 Bxe4 22. Rb6 Bxg2 23. Rg1 Be4 24. Qb4 Qxb4+ 25. Rxb4 Kg8 26. c3 Bd3 27. Kd2 Ba6 28. Nf4 Kh7 29. Nd3 Bxd3 30. Kxd3 f6 31. c4 Ra8 32. Ra1 e5 33. cxd5 exd4 34. Rxd4 Rac8 35. Rc4 Kg6 36. Rac1 Rxc4 37. bxc4 Kf5 38. Kd4 g5 39. e4+ Kf4 40. Rc3 Ra8 41. Ra3 g4 42. c5 Re8 43. Re3 Ra8 44. d6 Rxa5 45. d7 Ra4+ 46. Kd5 Ra2 47. Rd3 Ra8 48. Ke6 Kxe4 49. Re3+ Kd4 50. Ke7 Kxc5 51. Rc3+ Kb4 52. Rc8 Rxc8 53. dxc8Q b5 54. Qxg4+ Kc3 1-0

[Event "Brno op 2nd"]
[Site "Brno"]
[Date "2011.11.15"]
[Round "5"]
[White "Petruska, Miroslav"]
[Black "Perdek, Miroslaw"]
[Result "0-1"]
[WhiteElo "1912"]
[BlackElo "2233"]
[PlyCount "102"]
[EventDate "2011.11.12"]
[EventType "swiss"]
[EventRounds "9"]
[EventCountry "CZE"]
[SourceTitle "EXT 2012"]
[Source "ChessBase"]
[SourceDate "2011.11.24"]
[SourceVersion "1"]
[SourceVersionDate "2011.11.24"]
[SourceQuality "1"]

1. e4 c5 2. g3 d5 3. exd5 Qxd5 4. Qf3 Qxf3 5. Nxf3 Nc6 6. a3 e5 7. d3 f6 8. Bg2 Nge7 9. Nc3 Be6 10. Ne4 Nf5 11. Bd2 Be7 12. 0-0-0 0-0 13. Bh3 Kf7 14. Ne1 Nfd4 15. Bxe6+ Nxe6 16. Ng2 Ncd4 17. Kb1 Nf3 18. Be3 b6 19. h4 h5 20. c3 Rad8 21. Nd2 Nfd4 22. f4 Nf5 23. fxe5 Nxg3 24. Rh3 Nf5 25. Rf1 g6 26. exf6 Bxf6 27. Nf4 Nxf4 28. Bxf4 Kg7 29. Bg5 Bxg5 30. hxg5 Nd6 31. Re1 Rde8 32. Rhe3 Rxe3 33. Rxe3 Re8 34. Rxe8 Nxe8 35. Nf3 Kf7 36. Ne5+ Ke6 37. Nxg6 Kf5 38. Nh4+ Kxg5 39. Nf3+ Kf4 40. Ng1 Ke3 41. Kc2 Nf6 42. b4 Nd5 43. Nh3 Nf4 44. Nxf4 Kxf4 45. Kd2 cxb4 46. axb4 a5 47. b5 h4 48. Ke2 a4 49. c4 a3 50. c5 a2 51. cxb6 a1Q 0-1

[Event "Brno Trade op"]
[Site "Brno"]
[Date "2011.08.28"]
[Round "9"]
[White "Sikora, Lukas"]
[Black "Petruska, Miroslav"]
[Result "1/2-1/2"]
[WhiteElo "1931"]
[BlackElo "1974"]
[PlyCount "159"]
[EventDate "2011.08.21"]
[EventType "swiss"]
[EventRounds "9"]
[EventCountry "CZE"]
[SourceTitle "CBM 144 Extra"]
[Source "ChessBase"]
[SourceDate "2011.10.28"]
[SourceVersion "1"]
[SourceVersionDate "2011.10.28"]
[SourceQuality "1"]

1. d4 Nf6 2. c4 e6 3. Nf3 Bb4+ 4. Bd2 Qe7 5. e3 0-0 6. a3 Bxd2+ 7. Nbxd2 c5 8. dxc5 Qxc5 9. b4 Qc7 10. Be2 b6 11. 0-0 Bb7 12. Rc1 d6 13. Nb3 Nbd7 14. Qd4 e5 15. Qh4 Qc6 16. b5 Qc7 17. Nfd2 Nc5 18. f3 Rae8 19. e4 Nfd7 20. g4 Ne6 21. Qf2 Nf4 22. Qe3 h5 23. gxh5 Qd8 24. Kh1 Re6 25. Nb1 Rh6 26. Rc2 Rxh5 27. Bd1 g6 28. Nc3 Kg7 29. Nd5 Rh4 30. a4 Rfh8 31. Rff2 R8h5 32. Nxf4 Rxf4 33. Qd3 Nf6 34. Kg1 Rh3 35. Qf1 Qh8 36. Rcd2 Ne8 37. a5 Rh5 38. Ra2 Bc8 39. axb6 axb6 40. Ra8 Bh3 41. Qe2 Rg5+ 42. Kh1 Kf8 43. c5 dxc5 44. Nxc5 Qf6 45. Nd3 Rh4 46. Qc2 Qd6 47. Qc6 Qxc6 48. bxc6 Ke7 49. f4 exf4 50. Nxf4 Rxf4 51. Rxf4 Bg2+ 52. Kg1 Bf3+ 53. Kf2 Bxd1 54. Ra7+ Kd6 55. Rd7+ Kxc6 56. Rxd1 f5 57. e5 Rh5 58. h4 b5 59. Rd8 Nc7 60. Rfd4 Kc5 61. R4d6 Rxh4 62. Rc8 Rh7 63. Rxg6 Kd5 64. Rb6 Kxe5 65. Rb7 Kd6 66. Rcxc7 Rxc7 67. Rxb5 Ke6 68. Ke3 Rc4 69. Rb6+ Ke5 70. Rb5+ Kf6 71. Kf3 Kg5 72. Rb3 Rh4 73. Kg3 f4+ 74. Kg2 Rg4+ 75. Kh3 Rg1 76. Rb5+ Kf6 77. Rb4 Ke5 78. Rb5+ Kd4 79. Rb4+ Ke3 80. Rb3+ 1/2-1/2

[Event "Brno Trade op"]
[Site "Brno"]
[Date "2011.08.24"]
[Round "5"]
[White "Zavadil, Michal"]
[Black "Petruska, Miroslav"]
[Result "0-1"]
[WhiteElo "2109"]
[BlackElo "1974"]
[PlyCount "92"]
[EventDate "2011.08.21"]
[EventType "swiss"]
[EventRounds "9"]
[EventCountry "CZE"]
[SourceTitle "CBM 144 Extra"]
[Source "ChessBase"]
[SourceDate "2011.10.28"]
[SourceVersion "1"]
[SourceVersionDate "2011.10.28"]
[SourceQuality "1"]

1. Nf3 Nc6 2. e4 d6 3. g3 e5 4. Bg2 Nf6 5. d3 Be7 6. 0-0 0-0 7. Re1 Bg4 8. c3 Qd7 9. Nbd2 Rae8 10. Nc4 b5 11. Ne3 Bh3 12. Qb3 Bxg2 13. Kxg2 Na5 14. Qc2 c5 15. Nf5 Bd8 16. Bg5 d5 17. Rad1 Nb7 18. Qc1 Nd6 19. N3h4 Nxf5 20. Nxf5 Nh5 21. h4 f6 22. Bd2 Bc7 23. c4 bxc4 24. dxc4 dxe4 25. Ne3 Qc6 26. Nd5 f5 27. Bg5 Rf7 28. Qc3 h6 29. Bc1 Nf6 30. b3 f4 31. Bb2 e3 32. fxe3 Ne4 33. Qd3 Nxg3 34. exf4 Nf5 35. Kh3 Nd4 36. Nxc7 Rxf4 37. Kh2 Rxh4+ 38. Kg3 Qf6 39. Bc1 Nf5+ 40. Qxf5 Qxf5 41. Kxh4 Qf2+ 42. Kg4 Rf8 43. Nd5 Qg2+ 44. Kh4 Qh2+ 45. Kg4 h5+ 46. Kg5 Qg3+ 0-1

[Event "Brno Duras op-A"]
[Site "Brno"]
[Date "2011.06.30"]
[Round "7"]
[White "Richterova, Natasa"]
[Black "Petruska, Miroslav"]
[Result "1-0"]
[WhiteElo "1691"]
[BlackElo "1974"]
[PlyCount "135"]
[EventDate "2011.06.25"]
[EventType "swiss"]
[EventRounds "9"]
[EventCountry "CZE"]
[SourceTitle "CBM 143 Extra"]
[Source "ChessBase"]
[SourceDate "2011.08.29"]
[SourceVersion "1"]
[SourceVersionDate "2011.08.29"]
[SourceQuality "1"]

1. e4 Nc6 2. Nf3 d6 3. d4 e5 4. Bb5 exd4 5. Nxd4 Bd7 6. 0-0 Nf6 7. Nc3 Be7 8. Re1 Nxd4 9. Bxd7+ Nxd7 10. Qxd4 Bf6 11. Qb4 Bxc3 12. Qxc3 0-0 13. b3 Qf6 14. Qxf6 gxf6 15. Bb2 Rae8 16. f3 Re6 17. Kf2 Rfe8 18. Rad1 Kg7 19. Rd5 Kg6 20. Bc3 h5 21. h3 Nb6 22. Ra5 a6 23. Bd4 c5 24. Bc3 Ra8 25. f4 Kh6 26. f5 Ree8 27. Bxf6 Nd7 28. Bb2 Nb8 29. c4 Nc6 30. Ra4 Nb4 31. Kf3 Nd3 32. Re2 Nxb2 33. Rxb2 a5 34. Rd2 Ra6 35. Kf4 Rea8 36. g4 f6 37. Rg2 Rc6 38. h4 hxg4 39. Rxg4 Rc7 40. Rg6+ Kh5 41. Rxf6 Rd7 42. a3 b6 43. b4 Raa7 44. bxc5 bxc5 45. Rf8 Kh6 46. Rb8 Ra6 47. Rh8+ Kg7 48. Rb8 Kf6 49. Rb5 Rda7 50. Rb2 Rh7 51. Rh2 Ra8 52. h5 Rh6 53. Rd2 Ke7 54. Kg5 Rf6 55. Kh4 Rf7 56. Rd5 Rf6 57. e5 Rh6 58. exd6+ Kd7 59. Kg5 Rah8 60. Rxc5 Rxh5+ 61. Kf4 Rh4+ 62. Ke5 Re8+ 63. Kd5 Rf4 64. Rc7+ Kd8 65. Kc6 Rxf5 66. Rd7+ Kc8 67. Rc7+ Kd8 68. Ra7 1-0

[Event "Brno Trade op"]
[Site "Brno"]
[Date "2010.08.28"]
[Round "8"]
[White "Marik, Miloslav"]
[Black "Petruska, Miroslav"]
[Result "1-0"]
[WhiteElo "1973"]
[BlackElo "2006"]
[PlyCount "49"]
[EventDate "2010.08.22"]
[EventType "swiss"]
[EventRounds "9"]
[EventCountry "CZE"]
[SourceTitle "CBM 138 Extra"]
[Source "ChessBase"]
[SourceDate "2010.10.29"]
[SourceVersion "1"]
[SourceVersionDate "2010.10.29"]
[SourceQuality "1"]

1. e4 Nc6 2. d4 e5 3. d5 Nce7 4. Nf3 Ng6 5. Be3 d6 6. Be2 f5 7. exf5 Bxf5 8. Bb5+ Bd7 9. Bxd7+ Qxd7 10. Ng5 Be7 11. Ne6 Bf6 12. c4 N8e7 13. Nc3 Nf8 14. Qh5+ Neg6 15. Nxf8 Rxf8 16. 0-0 Qf7 17. c5 dxc5 18. Bxc5 Rh8 19. Qe2 a6 20. d6 0-0-0 21. dxc7 Qxc7 22. Na4 Rd5 23. Ba7 Nf4 24. Qg4+ Kd8 25. Bb6 1-0

[Event "Brno Trade op"]
[Site "Brno"]
[Date "2010.08.25"]
[Round "5"]
[White "Skacelik, Petr"]
[Black "Petruska, Miroslav"]
[Result "1-0"]
[WhiteElo "2223"]
[BlackElo "2006"]
[PlyCount "75"]
[EventDate "2010.08.22"]
[EventType "swiss"]
[EventRounds "9"]
[EventCountry "CZE"]
[SourceTitle "CBM 138 Extra"]
[Source "ChessBase"]
[SourceDate "2010.10.29"]
[SourceVersion "1"]
[SourceVersionDate "2010.10.29"]
[SourceQuality "1"]

1. d4 Nf6 2. c4 e6 3. Nc3 Bb4 4. Qc2 0-0 5. a3 Bxc3+ 6. Qxc3 b6 7. Bg5 Bb7 8. e3 d6 9. Ne2 Nbd7 10. f3 c5 11. dxc5 dxc5 12. Qc2 Qc7 13. Nc3 h6 14. Bf4 e5 15. Bg3 Nh5 16. Bf2 f5 17. Be2 g6 18. 0-0-0 Ndf6 19. h3 e4 20. fxe4 fxe4 21. Bxh5 Nxh5 22. Nd5 Qe5 23. Be1 Rae8 24. Bc3 Qg3 25. Be1 Qe5 26. g4 Ng7 27. Bc3 Qg3 28. Nf6+ Rxf6 29. Bxf6 Qxe3+ 30. Kb1 Ne6 31. Rhe1 Qxh3 32. Qd2 Nd4 33. Bxd4 Rd8 34. Qf4 cxd4 35. Rh1 Qg3 36. Qxh6 Rd7 37. Qxg6+ Rg7 38. Qe8# 1-0

[Event "Brno Duras op-A"]
[Site "Brno"]
[Date "2010.07.04"]
[Round "9"]
[White "Petruska, Miroslav"]
[Black "Zitny, Petr"]
[Result "0-1"]
[WhiteElo "2006"]
[BlackElo "1835"]
[PlyCount "86"]
[EventDate "2010.06.27"]
[EventType "swiss"]
[EventRounds "9"]
[EventCountry "CZE"]
[SourceTitle "CBM 137 Extra"]
[Source "ChessBase"]
[SourceDate "2010.09.01"]
[SourceVersion "1"]
[SourceVersionDate "2010.09.01"]
[SourceQuality "1"]

1. e4 Nf6 2. e5 Nd5 3. c4 Nb6 4. d4 d6 5. f4 dxe5 6. fxe5 Bf5 7. Nf3 e6 8. c5 Nd5 9. Qa4+ c6 10. Bd2 Be7 11. Be2 0-0 12. 0-0 Nd7 13. Nc3 f6 14. b4 fxe5 15. dxe5 Nxb4 16. Be3 Nc2 17. Bf2 Nxa1 18. Rxa1 Qc7 19. Qc4 Nxe5 20. Qf4 Nxf3+ 21. Qxf3 Qe5 22. Qe3 Qxe3 23. Bxe3 Bf6 24. Rc1 Rad8 25. Bc4 Bxc3 26. Rxc3 Rd1+ 27. Kf2 Bd3+ 28. Kg3 Bxc4 29. Rxc4 Rd3 30. Re4 Rf5 31. Rxe6 Rxc5 32. Kh4 Ra5 33. g4 Rxa2 34. h3 Kf7 35. Re5 Raa3 36. Rf5+ Ke6 37. Bf4 Rxh3+ 38. Kg5 Rad3 39. Re5+ Kd7 40. Re1 Rd5+ 41. Be5 Rh6 42. Kf4 Re6 43. Rb1 g5+ 0-1

[Event "Brno Duras op-A"]
[Site "Brno"]
[Date "2010.07.03"]
[Round "7"]
[White "Holusova, Tana"]
[Black "Petruska, Miroslav"]
[Result "1-0"]
[WhiteElo "2101"]
[BlackElo "2006"]
[PlyCount "83"]
[EventDate "2010.06.27"]
[EventType "swiss"]
[EventRounds "9"]
[EventCountry "CZE"]
[SourceTitle "CBM 137 Extra"]
[Source "ChessBase"]
[SourceDate "2010.09.01"]
[SourceVersion "1"]
[SourceVersionDate "2010.09.01"]
[SourceQuality "1"]

1. e4 Nc6 2. Nf3 d6 3. d4 e5 4. d5 Nce7 5. Bg5 f6 6. Be3 g5 7. h3 Ng6 8. Nc3 h5 9. Nd2 Qe7 10. Nb3 a5 11. a4 h4 12. Qd2 Nf4 13. Nb5 c6 14. dxc6 bxc6 15. Na3 Be6 16. Nxa5 Qc7 17. b4 d5 18. Bxf4 gxf4 19. Nxc6 dxe4 20. Bb5 Kf7 21. 0-0 f3 22. Rfd1 fxg2 23. Nd8+ Rxd8 24. Qxd8 Qxd8 25. Rxd8 Bxh3 26. Bc4+ Be6 27. Bxe6+ Kxe6 28. Rxf8 Ke7 29. Rb8 h3 30. Nc4 Kf7 31. Nd6+ Kg6 32. Kh2 f5 33. a5 f4 34. a6 f3 35. a7 e3 36. a8Q exf2 37. Qe4+ Kh6 38. Nf7+ Kg7 39. Qxe5+ Nf6 40. Qg5+ Kxf7 41. Ra7+ Ke6 42. Rb6# 1-0

[Event "Brno Duras op-A"]
[Site "Brno"]
[Date "2010.06.30"]
[Round "4"]
[White "Tesar, Jan"]
[Black "Petruska, Miroslav"]
[Result "1-0"]
[WhiteElo "2114"]
[BlackElo "2006"]
[PlyCount "91"]
[EventDate "2010.06.27"]
[EventType "swiss"]
[EventRounds "9"]
[EventCountry "CZE"]
[SourceTitle "CBM 137 Extra"]
[Source "ChessBase"]
[SourceDate "2010.09.01"]
[SourceVersion "1"]
[SourceVersionDate "2010.09.01"]
[SourceQuality "1"]

1. d4 Nf6 2. Nf3 e6 3. Bg5 Be7 4. Nbd2 d5 5. g3 h6 6. Bxf6 Bxf6 7. Bg2 c5 8. c3 Qb6 9. Qb3 Qxb3 10. Nxb3 cxd4 11. Nfxd4 Nc6 12. Nb5 Ke7 13. 0-0-0 Bd7 14. e4 dxe4 15. Nc5 Ne5 16. Nd6 Nd3+ 17. Nxd3 exd3 18. Nxb7 Bb5 19. Be4 Bg5+ 20. f4 f5 21. Bg2 Bf6 22. Rhe1 Rab8 23. Nc5 Bc4 24. Nxd3 Bxa2 25. Nb4 Rxb4 26. cxb4 Rc8+ 27. Kd2 Bxb2 28. Ke3 Ba3 29. Re2 Bc4 30. Rc2 Bxb4 31. Rd4 Bc5 32. Rcxc4 Bxd4+ 33. Kxd4 Rd8+ 34. Kc3 Kf6 35. Rc7 a6 36. Rc6 a5 37. Ra6 Rc8+ 38. Kb3 Rb8+ 39. Ka3 Rd8 40. Bf1 Rd2 41. Bc4 Kg6 42. Rxe6+ Kh5 43. Be2+ Rxe2 44. Rxe2 Kg4 45. Rf2 g5 46. Ka4 1-0

[Event "CZE-chT2D 0910"]
[Site "Czech Republic"]
[Date "2009.11.08"]
[Round "2.5"]
[White "Pavlicek, Robert"]
[Black "Petruska, Miroslav"]
[Result "0-1"]
[WhiteElo "1995"]
[BlackElo "2008"]
[PlyCount "88"]
[EventDate "2009.10.18"]
[EventType "team-tourn"]
[EventRounds "11"]
[EventCountry "CZE"]
[SourceTitle "EXT 2012"]
[Source "ChessBase"]
[SourceDate "2011.11.24"]
[SourceVersion "1"]
[SourceVersionDate "2011.11.24"]
[SourceQuality "1"]
[WhiteTeam "Pelhrimov"]
[BlackTeam "Brno Lokomotiva II"]
[WhiteTeamCountry "CZE"]
[BlackTeamCountry "CZE"]

1. e4 Nc6 2. b3 e5 3. Bb2 Bc5 4. Nf3 d6 5. c3 Nf6 6. Bd3 d5 7. exd5 Qxd5 8. Bc4 Qd8 9. b4 Bb6 10. Qb3 0-0 11. d3 Bf5 12. 0-0 Bxd3 13. Bxd3 Qxd3 14. Na3 Rad8 15. Rad1 Qf5 16. b5 Na5 17. Qa4 Ng4 18. Rde1 Nxf2 19. Rxf2 Rd2 20. Rxe5 Rxf2 21. Rxf5 Rxf3+ 22. Kh1 Rxf5 23. h3 Re8 24. c4 Rf1+ 25. Kh2 Bg1+ 26. Kg3 Re3+ 27. Kg4 h5+ 28. Kxh5 Re4 29. g4 Re3 30. Nc2 Rxh3+ 31. Kg5 Bf2 32. Kf4 Bb6+ 33. Ke4 Rg3 34. Nd4 Rxg4+ 35. Kd3 Rh1 36. c5 Rh3+ 37. Kc2 Rg2+ 38. Kb1 Bxc5 39. b6 Rh1+ 40. Bc1 axb6 41. Qe8+ Bf8 42. Nf5 Nc6 43. Qc8 Rgg1 44. Qxb7 Rxc1+ 0-1

[Event "Brno Duras op-A"]
[Site "Brno"]
[Date "2009.06.27"]
[Round "2"]
[White "Petruska, Miroslav"]
[Black "Feranec, Milan"]
[Result "1-0"]
[WhiteElo "1901"]
[BlackElo "1834"]
[PlyCount "111"]
[EventDate "2009.06.26"]
[EventType "swiss"]
[EventRounds "9"]
[EventCountry "CZE"]
[SourceTitle "CBM 131 Extra"]
[Source "ChessBase"]
[SourceDate "2009.09.03"]
[SourceVersion "2"]
[SourceVersionDate "2009.09.16"]
[SourceQuality "1"]

1. e4 Nc6 2. d4 d5 3. e5 Bf5 4. g4 Be4 5. f3 Bg6 6. h4 h5 7. g5 e6 8. Bd3 Nge7 9. c3 Nf5 10. Ne2 Be7 11. Rh3 Qd7 12. b4 a6 13. a4 Nd8 14. Qc2 0-0 15. Nf4 Kh7 16. Nd2 Kg8 17. Nf1 b6 18. Ng3 Nxg3 19. Nxg6 fxg6 20. Rxg3 Rf5 21. Bxf5 exf5 22. f4 Ne6 23. Qf2 Rc8 24. Rd3 c6 25. Qf3 Kh7 26. Kf2 Qb7 27. Kg3 Rd8 28. Be3 Rd7 29. Rd2 Bf8 30. Rb2 Qc7 31. Qe2 Qc8 32. Qd3 Be7 33. Rc1 Qa8 34. c4 Bd8 35. cxd5 cxd5 36. Rbc2 Rc7 37. Rxc7 Nxc7 38. Qc3 Qb7 39. Qc6 Qxc6 40. Rxc6 b5 41. axb5 axb5 42. Bd2 Kg8 43. Rd6 Kf8 44. Rxd8+ Ke7 45. Rg8 Ne8 46. e6 Nd6 47. Rxg7+ Kf8 48. Rxg6 Ne4+ 49. Kg2 Nxd2 50. Rf6+ Ke7 51. Rxf5 Kxe6 52. Re5+ Kf7 53. Rxd5 Ne4 54. Rxb5 Kg6 55. f5+ Kg7 56. Rb7+ 1-0

[Event "Brno op-A"]
[Site "Brno"]
[Date "2007.07.08"]
[Round "9"]
[White "Kubicek, Pavel"]
[Black "Petruska, Miroslav"]
[Result "1-0"]
[WhiteElo "1911"]
[BlackElo "1953"]
[PlyCount "53"]
[EventDate "2007.07.01"]
[EventType "swiss"]
[EventRounds "9"]
[EventCountry "CZE"]
[SourceTitle "CBM 119 Extra"]
[Source "ChessBase"]
[SourceDate "2007.09.04"]
[SourceVersion "1"]
[SourceVersionDate "2007.09.04"]
[SourceQuality "1"]

1. e4 e5 2. Nf3 Nc6 3. d4 exd4 4. Nxd4 Bc5 5. c3 d5 6. Nb3 Bb6 7. exd5 Qf6 8. Qe2+ Nge7 9. dxc6 0-0 10. Nd4 Re8 11. Be3 Nd5 12. Nd2 Bxd4 13. cxd4 Nxe3 14. fxe3 Qh4+ 15. g3 Qg5 16. Kf2 bxc6 17. Nf3 Qd5 18. Bg2 Bg4 19. h3 Bh5 20. Rhc1 Rab8 21. b3 Bg6 22. Rc5 Qd6 23. Rac1 Be4 24. Ne5 Bxg2 25. Kxg2 f6 26. Qc4+ Re6 27. Rxc6 1-0

[Event "Brno op-A"]
[Site "Brno"]
[Date "2007.07.07"]
[Round "8"]
[White "Petruska, Miroslav"]
[Black "Kratochvil, Jakub"]
[Result "1/2-1/2"]
[WhiteElo "1953"]
[BlackElo "2073"]
[PlyCount "102"]
[EventDate "2007.07.01"]
[EventType "swiss"]
[EventRounds "9"]
[EventCountry "CZE"]
[SourceTitle "CBM 119 Extra"]
[Source "ChessBase"]
[SourceDate "2007.09.04"]
[SourceVersion "1"]
[SourceVersionDate "2007.09.04"]
[SourceQuality "1"]

1. e4 c5 2. g3 d5 3. exd5 Qxd5 4. Qf3 Nf6 5. Bg2 Qe5+ 6. Qe2 Qxe2+ 7. Nxe2 Nc6 8. a3 e5 9. Nbc3 Be7 10. Nb5 0-0 11. d3 a6 12. Nbc3 Be6 13. Bxc6 bxc6 14. b3 Bd5 15. 0-0 e4 16. dxe4 Nxe4 17. Na4 Rfd8 18. f3 Nf6 19. Be3 Nd7 20. Nf4 c4 21. Nxd5 cxd5 22. Rfd1 Rab8 23. Bf4 Rb7 24. Rxd5 cxb3 25. cxb3 Rxb3 26. Bc7 Re8 27. Rxd7 Rxf3 28. Kg2 Rxa3 29. Re1 Rxa4 30. Rexe7 Rf8 31. Bd6 h6 32. Ra7 Rd8 33. Be5 Rd2+ 34. Kh3 Rf2 35. Bf4 g5 36. Rxf7 gxf4 37. Rg7+ Kf8 38. Rh7 Kg8 39. Rag7+ Kf8 40. Rb7 Kg8 41. Rhg7+ Kf8 42. Rgc7 Re2 43. Rf7+ Kg8 44. Rg7+ Kf8 45. Rbf7+ Ke8 46. Ra7 Kf8 47. Rgf7+ Kg8 48. Rfc7 Kf8 49. Rf7+ Kg8 50. Rg7+ Kf8 51. Raf7+ Ke8 1/2-1/2

[Event "Brno op-A"]
[Site "Brno"]
[Date "2007.07.02"]
[Round "2"]
[White "Petruska, Miroslav"]
[Black "Kolomaznikova, Barbora"]
[Result "1-0"]
[WhiteElo "1953"]
[BlackElo "1831"]
[PlyCount "45"]
[EventDate "2007.07.01"]
[EventType "swiss"]
[EventRounds "9"]
[EventCountry "CZE"]
[SourceTitle "CBM 119 Extra"]
[Source "ChessBase"]
[SourceDate "2007.09.04"]
[SourceVersion "1"]
[SourceVersionDate "2007.09.04"]
[SourceQuality "1"]

1. e4 c5 2. g3 d6 3. Bg2 Nc6 4. f4 g6 5. d3 Bg7 6. c3 e6 7. Nh3 Nge7 8. 0-0 0-0 9. Nd2 b5 10. Nf3 Bb7 11. Nfg5 a5 12. f5 exf5 13. exf5 Nxf5 14. Rxf5 gxf5 15. Nxh7 Re8 16. Bg5 Qd7 17. Qh5 Re6 18. Nf4 Rg6 19. Nxg6 fxg6 20. Bd5+ Kh8 21. Qh4 Bh6 22. Qxh6 Qxh7 23. Bf6# 1-0

[Event "CZE-chT2e 0506"]
[Site "Czech Republic"]
[Date "2006.04.09"]
[Round "10.7"]
[White "Petruska, Miroslav"]
[Black "Hora, Vratislav"]
[Result "0-1"]
[WhiteElo "1929"]
[BlackElo "2085"]
[PlyCount "82"]
[EventDate "2005.10.16"]
[EventType "team"]
[EventRounds "11"]
[EventCountry "CZE"]
[SourceTitle "EXT 2008"]
[Source "ChessBase"]
[SourceDate "2007.11.25"]
[SourceVersion "1"]
[SourceVersionDate "2007.11.25"]
[SourceQuality "1"]

1. e4 c5 2. g3 Nc6 3. Bg2 g6 4. f4 e6 5. c3 Bg7 6. Nh3 Nge7 7. 0-0 0-0 8. d3 d5 9. e5 Qb6 10. Nd2 Bd7 11. b3 c4+ 12. Nf2 cxd3 13. Nf3 f6 14. Ba3 Rf7 15. exf6 Bxf6 16. Qxd3 Nf5 17. Rfe1 Rc8 18. Ne5 Nxe5 19. fxe5 Bg5 20. Bc1 Bb5 21. c4 dxc4 22. Qc3 Bxc1 23. Raxc1 Ne7 24. Qe3 Qxe3 25. Rxe3 Nd5 26. Bxd5 exd5 27. Ng4 Kg7 28. Nf6 d4 29. Re4 d3 30. bxc4 Rfc7 31. Nd5 Rxc4 32. Rexc4 Rxc4 33. Rxc4 Bxc4 34. Nc3 Kf7 35. Kf2 Ke6 36. Ke3 Kxe5 37. a3 b5 38. Ne4 a5 39. Ng5 b4 40. axb4 axb4 41. Kd2 h5 0-1